| 000 | 00688nam a2200301Ia 4500 | ||
|---|---|---|---|
| 005 | 20260401122441.0 | ||
| 008 | 008 250103s9999 xx 000 0 eng d | ||
| 020 | _a9788125040477 | ||
| 037 | _aTB | ||
| 040 | _aEDL | ||
| 040 | _beng | ||
| 040 | _cEDL | ||
| 041 | _2eng | ||
| 041 | _aeng | ||
| 084 | _a891.44TAG | ||
| 084 | _qEDL | ||
| 100 | _aTagore, Rabindranath | ||
| 245 | 0 | _aStreer Patra an other stories :Selections from Galpaguchha3 | |
| 245 | 0 | _cTagore, Rabindranath | |
| 260 | _aDelhi | ||
| 260 | _bOrient BlackSwan | ||
| 260 | _c2010 | ||
| 300 | _a364p | ||
| 942 | _cTB | ||
| 942 | _h891.44TAG | ||
| 999 |
_c1847360 _d1847360 |
||